Histoire naturelle du surnaturel /

Guardat en:
Dades bibliogràfiques
Autor principal: Watson, Lyall (autor)
Altres autors: Dilé, Léo (traducción) (traducción)
Format: Llibre
Idioma:francès
Publicat: París, Francia : Albin Michel, 1974, c1974
Etiquetes: Afegir etiqueta
Sense etiquetes, Sigues el primer a etiquetar aquest registre!

MARC

LEADER 00000nam^a2200000^a^4500
001 000578743
005 20250521000000.0
009 20260310132516.001
020 |a 2-226-00031-3 
037 |a Acervo ITESO - Biblioteca 
041 |a FRA 
091 |a FLG. 00441 
100 |a Watson, Lyall  |e (autor) 
245 1 0 |a Histoire naturelle du surnaturel / 
264 4 |a París, Francia :  |b Albin Michel,  |c 1974, c1974 
300 |a 300 p. 
336 |a texto  |b txt  |2 rdacontenido 
337 |a sin mediación  |b n  |2 rdamedio 
338 |a volumen  |b nc  |2 rdasoporte 
649 |a XX 
700 |a Dilé, Léo  |e (traducción) 
910 |a Fondo Luis González de Alba 
920 |a Impresos - Libros 
930 |a Fondos Especiales 
905 |a 141 
901 |a 0500397824  |b IT2  |c ESP  |i D101606  |u 20250521 
902 |a https://opac.biblio.iteso.mx/vufind/Record/000578743